<?xml version="1.0" encoding="UTF-8"?>
<marc:record xmlns:marc="http://www.loc.gov/MARC21/slim">
   <marc:leader>00000nam a2200000 a 4500</marc:leader>
   <marc:datafield ind1="1" ind2=" " tag="100">
      <marc:subfield code="a">Revedin, Jana</marc:subfield>
      <marc:subfield code="4">aut</marc:subfield>
      <marc:subfield code="e">Verfasser/-in</marc:subfield>
   </marc:datafield>
   <marc:datafield ind1="0" ind2="0" tag="245">
      <marc:subfield code="a">Die Gärtnerin von Venedig</marc:subfield>
   </marc:datafield>
   <marc:datafield ind1=" " ind2="1" tag="264">
      <marc:subfield code="b">Braumüller GmbH</marc:subfield>
      <marc:subfield code="c">2026</marc:subfield>
   </marc:datafield>
   <marc:datafield ind1="1" ind2=" " tag="520">
      <marc:subfield code="a">na Revedin entfaltet ein atmosphärisches, mitreißendes Venedig-Panorama - so authentisch und berührend, dass man Eri, der jungen Protagonistin, auf jedem Schritt durch die Gassen der Serenissima und auch in die Weite der unbekannten Lagune folgt. Ein Roman über Mut, Herkunft und die Kraft eines Neuanfangs. Aufgewachsen auf einem Bergbauernhof, ahnt Eri lange nicht, wohin sie wirklich gehört. Erst nach Umwegen - und einem abgebrochenen Studium - entdeckt sie ihre wahre Berufung: Sie wird Gärtnerin. ..[Klappentext]</marc:subfield>
   </marc:datafield>
   <marc:datafield ind1=" " ind2=" " tag="020">
      <marc:subfield code="a">9783992004133</marc:subfield>
      <marc:subfield code="9">9783992004133</marc:subfield>
   </marc:datafield>
</marc:record>
